000 01325 a2200253 4500
003 Nust
005 20230609101822.0
010 _a 89015741
040 _cNust
082 0 0 _a006.3,AMI
100 1 _aAmit, D. J.,
_9113106
245 1 0 _aModeling brain function :
_bthe world of attractor neural networks /
_cDaniel J. Amit.
260 _aCambridge [England] ;
_aNew York :
_bCambridge University Press,
_c1989.
300 _axvii, 504 p. :
_bill. ;
_c24 cm.
505 _aIntroduction (Page-1), The Basic Attractor Neural Network (Page-58), General Ideas Concerning Dynamics (Page-97), Symmetric Neural Networks At Low Memory Loading (Page-155), Storage And Retrieval Of Temporal Sequences (Page-215), Storage Capacity Of ANN’s (Page-271), Robustness (Page-345), Memory Data Structures (Page-387), Learning (Page-428), Hardware Implementations Of Neural Networks (Page-461).
650 0 _aBrain
_xComputer simulation.
_9113107
650 0 _aModels, Neurological.
_9113108
650 0 _aNervous System
_xphysiology.
_9113109
650 0 _aNeural computers.
_936919
650 0 _aNeural networks (Neurobiology)
_981289
856 4 2 _3Publisher description
_uhttp://www.loc.gov/catdir/description/cam023/89015741.html
856 4 2 _3Table of contents
_uhttp://www.loc.gov/catdir/toc/cam029/89015741.html
942 _cBKB
_2ddc
999 _c193446
_d193446